| 000 | 00882nam a2200277 4500 | ||
|---|---|---|---|
| 003 | EG-GICUC | ||
| 005 | 20260427090949.0 | ||
| 008 | 260427s1915 fr ||||fr|||| 00| 0 fre d | ||
| 040 |
_aEG-GiCUC _bfre _cEG-GiCUC _dEG-GiCUC _eRda |
||
| 041 | 0 | _afre | |
| 082 | 0 | 4 |
_221 _a343.3 _bPO . C |
| 092 | 0 | 4 | _221 |
| 099 | _aLaw1 10 343.3 PO . C 1915 | ||
| 100 | 1 |
_aPoittevin, G. le _eAuteur |
|
| 245 | 1 | 0 |
_aCode d'instruction criminelle. _nTome Pemier, _pArt 1 à 309 / _cG. le Poittevin. |
| 264 | 1 |
_aParis : _bRecueil Général, _c1915. |
|
| 300 |
_a1254 page ; _c 24 cm. |
||
| 336 |
_2rda contenu _a texte |
||
| 337 |
_2rda medias _aOrdinateur |
||
| 338 |
_2 transporteur rda _a Ressource en ligne |
||
| 546 | _aTexte en français | ||
| 650 | 1 | 4 | _aDroit de procédure pénale |
| 856 | 4 | 0 | _uhttps://fll.law.cu.edu.eg/fulltext/bks/B10-11773.pdf |
| 905 | _a30 | ||
| 942 |
_2ddc _cBK _e21 _n0 |
||
| 999 |
_c73563 _d73563 |
||